Below the Surface (Lyrics) - Griffinilla - Statistics

General Stats
  • This quiz has been taken 14 times
  • The average score is 129 of 150
Answer Stats
Hint Answer % Correct
are
100%
be
100%
circus.
100%
close,
100%
down,
100%
feeling
100%
follow
100%
for
100%
He
100%
His
100%
instructions.
100%
is
100%
just
100%
lead
100%
Lyrics Listen
100%
made
100%
my
100%
My
100%
nervous?
100%
no
100%
one
100%
Power
100%
save
100%
that
100%
the
100%
The
100%
There
100%
this?
100%
This
100%
time
100%
to
100%
Underground,
100%
us,
100%
us.
100%
(us)
100%
voice
100%
wants
100%
was
100%
we
100%
(We
100%
welcome
100%
you
100%
you.
100%
you,
100%
your
100%
all
90%
Below
90%
brainfreeze)
90%
cream)
90%
Daddy
90%
deserve
90%
Did
90%
help
90%
ice
90%
introductions.
90%
machine,
90%
means
90%
please!
90%
scream
90%
surface.
90%
(will
90%
with
90%
you'll
90%
Built
80%
controlled
80%
deceive
80%
here
80%
lights
80%
purpose.
80%
so
80%
stage
80%
up
80%
without
80%
breath,
70%
closer.
70%
creeping
70%
hold
70%
I'll
70%
inside
70%
keeping
70%
place
70%
serve-
70%
serve
70%
shocks,
70%
something's
70%
springlocks.
70%
take
70%
There's
70%
Through
70%
tighten
70%
vent,
70%
composure,
60%
find
60%
left
60%
You're
60%
and
30%
behind
30%
first,
30%
last,
30%
last.
30%
mask.
30%
yeah
30%
Then
20%
space
0%
No matching quizzes found
Score Distribution
Percent of People with Each Score
Percentile by Number Answered
Your Score History
You have not taken this quiz